Tapping induced changes in respiration rate, biochemical statusand ATP content in soft bark tissue of natural rubber plant (Record no. 70227)

MARC details
000 -LEADER
fixed length control field 00779nam a2200217Ia 4500
100 ## - MAIN ENTRY--AUTHOR NAME
Personal name Annamalainathan K
245 #0 - TITLE STATEMENT
Title Tapping induced changes in respiration rate, biochemical statusand ATP content in soft bark tissue of natural rubber plant
260 ## - PUBLICATION, DISTRIBUTION, ETC. (IMPRINT)
Name of publisher PLACROSYM XVIII. 10-13 December 2008, National Research Centre for Cashew, Puttur, Karnataka. Journal of Plantation Crops, 36 (3): 322-328.
Year of publication 2008
520 ## - SUMMARY, ETC.
Summary, etc DL
650 ## - SUBJECT ADDED ENTRY--TOPICAL TERM
Topical Term Alternative respiration (AOX)
650 ## - SUBJECT ADDED ENTRY--TOPICAL TERM
Topical Term Biomass
650 ## - SUBJECT ADDED ENTRY--TOPICAL TERM
Topical Term Hevea brasiliensis mitochondria
650 ## - SUBJECT ADDED ENTRY--TOPICAL TERM
Topical Term Respiration
650 ## - SUBJECT ADDED ENTRY--TOPICAL TERM
Topical Term Tapped and untapped trees
700 ## - ADDED ENTRY--PERSONAL NAME
Personal name Anumod M A
700 ## - ADDED ENTRY--PERSONAL NAME
Personal name Jacob J
700 ## - ADDED ENTRY--PERSONAL NAME
Personal name Krishnakumar R
700 ## - ADDED ENTRY--PERSONAL NAME
Personal name Sreelatha S
942 ## - ADDED ENTRY ELEMENTS (KOHA)
Koha item type Journals
Holdings
Withdrawn status Lost status Damaged status Not for loan Home library Current library Shelving location Date acquired Koha item type
      Journals RRII Library RRII Library Plant physiology 17/12/2008 Journals